| 000 | 00579nam a2200157 a 4500 | ||
|---|---|---|---|
| 008 | 071030s2004 ||||||||||||||||| || u | ||
| 050 | _aUNO(058)PMAP | ||
| 110 | _aUnited Nations Economic and Social Affairs (UNESA) | ||
| 245 | 1 | 0 | _aPortfolio of mine action projects 2004 |
| 260 |
_aNew York _bUNITED NATIONS _c2004 |
||
| 300 | _av, 460p. | ||
| 350 | _a0.00 | ||
| 650 | _aMINES, MILITARY | ||
| 650 | _aMINE SWEEPERS | ||
| 995 |
_D0.00 _FCBU-MAIN LIBRARY (Kitwe) _H1 _I0.00 _M1 _UAVAILABLE _WSep 4, 2008 _ZInternational Publications |
||
| 999 |
_c54049 _d54049 |
||